1923 1673 1108 1157 1426 1905 1739 1766 1117 1556 1242 1810 1551 1018 1725 1839 1387 1277 1286 1463 1340 1703 1131 1169 1087 1270 1835 1701 1244 1306 1883 1617 1657 1765 1328 1655 1597 1749 1826 1979 1644 1242 1327 1864 1664 1540 1314 1816 1051 1914 1810 1048 1926 1135 1714 1664 1361 1836 1850 1260 1869 1058 1958 1153 1455 1388 1635 1670 1232 1311 1919 1304 1881 1969 1839 1242 1028 1890 1175 1996 1110 1894 1820 1306 1369 1999 1592 1568 1443 1201 1765 1990 1746 1780 1923 1551 1158 1779 1008 BCNSPRNW ULIB Ver.6.0+V

เปลี่ยนเป็นภาษาไทย

Change to English
 แสดงรายละเอียดบรรณานุกรม
  กลับหน้าหลัก

Brief Record : Get Marc (ISO 2709) : E-mail record : QR code < ปิดหน้าต่าง
LEADER : 00000nam 2200000uu 4500
001    13399111852
003     ULIB
008    110627s2534||||th 000 0 tha d
060  4 W84.6^bธ29ก 2534
100 0  ธวัช สุนทราจารย์
245 00 การศึกษารูปแบบการสาะารณสุขมูลฐานที่ส่งเสริมการมีส่วนร่วมในการดูแลตนเองของประชาชนระดับหมู่บ้านในเขตอำเภอที่ปรับกลวิธีการสาธารณสุขมูลฐาน ของจังหวัดนครสวรรค์/^cธวัช สุนทราจารย์
260    กรุงเทพฯ :^bสถาบันพัฒนาการสาธารณสุขอาเซียน มหาวิทยาลัยมหิดล,^c2534
300    87 หน้า
650  7 การศึกษารูปแบบการสาะารณสุขมูลฐานที่ส่งเสริมการมีส่วนร่วม
945    ^p0^l0^i008791
995    ทศพร
999 ^a ใช้งานได้ทุกระบบ
รายการนี้ยังไม่มีแท็ก
คุณยังไม่ได้ล็อกอิน คุณสามารถมีกิจกรรมร่วมกับเว็บไซต์ได้ แต่ต้องล็อกอินก่อน ::
  ล็อกอิน

รายการสื่อสารสนเทศ

ลำดับที่ ประเภท เลขเรียก/บาร์โค้ด สถานที่ สถานะ
- ไม่พบข้อมูล -

BibComment


ยังไม่เคยถูกคอมเมนท์

คอมเมนท์ทรัพยากรรายการนี้
  คอมเมนท์: การศึกษารูปแบบการ..


 Copyright 2026. Bcnsprnw @Library